|
|
|
|
| LEADER |
00723 a2200181 4500 |
| 008 |
150103s9999 000 0 eng |
| 020 |
|
|
|a 0413309002
|
| 082 |
|
|
|a 839.822 6
|
| 100 |
|
|
|a Ibsen, Henrik, 1828-1906.
|
| 245 |
|
|
|a Brand /
|
| 260 |
|
|
|a London:
|b Eyre Methuen,
|c c1960.
|
| 300 |
|
|
|a 112 p.
|
| 650 |
|
|
|a Norwegian drama.
|
| 700 |
|
|
|a Meyer, Michael.
|
| 942 |
|
|
|c BK
|
| 999 |
|
|
|c 302290
|d 302290
|
| 952 |
|
|
|0 0
|1 0
|2 ddc
|4 0
|6 839_822000000000000_6_IBS_BR
|7 0
|9 345723
|a DRA
|b DRA
|c ST1
|d 2010-10-08
|i 12
|l 1
|o 839.822 6 IBS/BR
|p DRA12
|r 2013-09-27
|s 2013-09-11
|w 2010-10-08
|y BK
|
| 952 |
|
|
|0 0
|1 0
|2 ddc
|4 0
|6 839_822000000000000_6_IBS_BR
|7 0
|9 345724
|a DRA
|b DRA
|c ST1
|d 2010-10-08
|i 805
|l 1
|o 839.822 6 IBS/BR
|p DRA805
|r 2013-10-09
|s 2013-10-04
|w 2010-10-08
|y BK
|